IEP Lyon - CF Sociologie Historique de l'Etat (2) - Statistiques

Statistiques générales
  • Ce quiz a été pris 25 fois
  • Le résultat moyen est 32 sur 76
Statistiques - réponses
Hint Réponse % Correct
Pour les historiens : une "modernité" plus précoce (écrire une des deux dates de la fin du moyen-âge) 1453 / 1492
88%
Qu'est-ce que la modernité ? Pour les politistes et sociologues : l’Etat moderne est une réalité du ...ème siècle (modernité économique avec capitalisme révolution industrielle, modernité politique avec souveraineté nationale et populaire) 19
88%
2 effets pernicieux des relations vassaliques : - perçues comme un .. susceptible d'être rompu dans certaines circonstances contrat
88%
J-Ph Genêt écrit : « un État moderne, c'est un État dont la base matérielle repose sur une ... publique acceptée par la société politique (et ce dans une dimension territoriale supérieure à celle de la cité), et dont tous les sujets sont concernés » fiscalité
88%
Développement des relations vassaliques à l’échelon ..., développement de petites principautés autonomes --> fractionnement du pouvoir local
88%
Le développement des relations vassaliques répond au même problème que pour les romains : comment contrôler un empire relativement ... ? vaste / grand / étendu / large
88%
Une confusion des ... dans les mains des (grands) seigneurs « dans la position sociale du grand seigneur féodal, du prince, se confondait les ... de l’homme le plus riche, du propriétaire des moyens de production les
plus importants de son domaine, avec celles de souverain, de propriétaire des
forces militaires et policières, de magistrat et de juge" (N. Elias, La dynamique de l'Occident)
fonctions
75%
Ce pape oppose à la théorie du pélo une distinction des deux pouvoirs et des deux légitimités, ce que Bernard de Clairvaux appelle les "deux ..." (un spirituel tiré par l'église et un glaive temporel tiré pour l'église) glaives
75%
Deux réactions face à ça : -Rôle ... de l’Eglise (« la ... de Dieu ») : entre le 10 et 11ième siècle, se développe un mouvement interne à l’église (la paix de dieu) qui voit des hommes d’église demander à des guerriers de prêter serment de contenir leur agressivité envers certains groupes, moments etc. Succès très limité. (écrire un des deux mots) pacificateur / paix
75%
Qui est roi des Francs de 751 à 768 ? (nom en trois mots) Pépin le Bref
75%
Les guerres entre ... selon Elias ont joué un grand rôle dans la reconstitution de l’Etat royal. On essaie de réorganiser la féodalité. seigneur
75%
Exemple de taxe : la ... qui devient permanente et annuelle en 1439 --> développement d'une certaine inventivité fiscale taille
75%
Développement du trésor royal et de l’impôt. , développement financier. Les nouveaux feudataires devaient s’acquitter de droits de succession = 1 an de revenu du fief A partir de quel siècle l'impôt devient habituel et national ? (auparavant réservé aux périodes de guerre). Au ...ème siècle. 13
63%
Codification des services dus par les feudataires : Ils devaient combattre gratuitement pour leur seigneur ... jours par an et sinon doivent s’acquitter d’une taxe. 40
63%
Le concept d'Etat selon cet auteur se base sur 3 conditions : - l'affirmation de l'... du politique : idée que la politique est affaire des hommes et non des dieux. autonomie
63%
A ce moment-là on assiste aussi à des révoltes bourgeoise et à l'émergence de "cités-..." et de chartes communales. Etat
63%
Comment appelle-t-on la rupture du contrat par le vassal ? qui pousse le seigneur à reprendre sa terre lors de la commise en rassemblant ses autres feudataires. C'est la ... félonie
63%
Quelle est la cérémonie qui vient lier les liens de vassalité ? (tsais là où le vassal s’agenouille tête nue et sans arme devant son seigneur et il lui tend ses mains jointe. Le seigneur le relève et les embrasse. Le seigneur jure alors sa fidélité devant dieu. C'est l'... hommage
63%
Donner au moins un levier de la recentralisation du pouvoir : (écrire les mots au pluriel) mariages / alliances / conquêtes / guerres / droit
63%
Est-ce que c'est un processus intentionnel selon Elias le bg ? oui non non
63%
On constate une tendance à la ... : pas de distinction opérée entre les biens propres du seigneur et ceux de la communauté. patrimonialisation
63%
- l'indépendance par rapport à tout ... externe (qu'il soit politique - l'empire ou religieux - la papauté) pouvoir
63%
Division du royaume du fait de la ... de Charlemagne qui s'avère très difficile. (son fils Louis le Pieu a trois fils et divise l'empire en trois) succession
63%
Selon lui à partir de quels siècles l'espace occidental occidental connaît "la dynamique de l'occident" : Une dynamique concurrentielle / un processus de monopolisation. écrire un des chiffres possibles 12 / 13
50%
« un État moderne, c'est un État dont la base matérielle repose sur une fiscalité publique ... par la société politique (et ce dans une dimension territoriale supérieure à celle de la cité), et dont tous les sujets sont concernés » acceptée
50%
Extension des droits / paysans 🡺 habitants (G. Duby) NB: pour Duby = apparition d’une « seigneurie ...ale » en tant que dérivé du .., par opposition à une simple seigneurie « foncière ». ban
50%
Développement économique de l’Europe (essor de la production et des échanges), développement des communications, de la ... monétaire qui échappent aux seigneurs. circulation
50%
- une relation de ... plus que de subordination (idée que la terre liée au vassal est une récompense pour sa fidélité) clientèle
50%
-La littérature ... (par des religieux aussi) : vient valoriser et légitimer la mesure, la retenue, l’attention portée aux femmes mais là aussi succès limité. courtoise
50%
Le « succès » de la féodalité Usages féodaux se diffusent. Ex. dans l'univers ... "les évêques et les abbés concédaient des fiefs et recevaient des hommages ; ils réunissaient autour d'eux des cours féodales et prenaient parfois la tête de la bande armée de leurs vassaux" (G. Duby) écclésiastique
50%
MAIS il existe aussi des emprunts réciproques entre les deux sphères => sacralisation du pouvoir royal Qui parle des "deux corps du roi" ? Ernst Kantorowicz
50%
- l'idée qu'une société politique n'existe que par une ... purement politique finalité
50%
Le fait de payer les vassaux en argent et plus en terres développe le système ... fiscal
50%
3. Une ... acceptée => dialogue avec la société civile : « tout État pourvu d'une ... publique n'est pas forcément un État moderne, car il faut qu'elle soit acceptée » (rôle de la guerre) fiscalité
50%
Weber développe la notion de "domination ..." L'un des sous-type de domination traditionnelle mais avec une forme « orientée principalement dans le sens de la tradition, mais exercée en vertu d'un droit personnel absolu ». patrimoniale
50%
Qui a écrit Les Fondement de la pensée politique moderne (2001) ? "Du souverain défendant son estat à l'état que le souverain est chargé de défendre" Quentin Skinner
50%
Développement ou émergence des ... (de plus en plus indépendante des seigneuries qui sont très rurales) et de la ... (embryonnaire, vraiment très progressive [bourgeois = habitants de bourgs, non dépendants des châteaux]) (écrire un des deux mots) villes / bourgeoisie
50%
Selon Genet, on peut parler d'Etat moderne avec des processus agissant à partir du ..ème siècle XII
50%
Le droit est utilisé pour le développement du ... du roi (différentes formations, le parlement de Paris a le pouvoir sur tout le royaume mais au fil du temps apparaissent des parlements régionaux) Conseil
38%
L'extension du droit de [réponse précédente] : - Exercice de prérogatives d’essence publique (commander des hommes, punir...)- L’exploitation ... du droit de ban (four, forge, moulin,.. avec usage soumis à redevance) économique
38%
Qui parle de "société tripartite" ? (donner le nom de famille) Georges Duby
38%
L'autonomisation des deux pouvoirs Qui au 11ème siècle, prétendant être de droit divin, prétend régir l’église et exercer le pouvoir spirituel : nommer les papes, les évêques… et surtout édicter du droit religieux ? Donner son nom + chiffre romain Henri IV
38%
Comment appelle-t-on une expression classique utilisé par les acteurs de l'époque : un terme ... indigène
38%
Multiplication des hommages (NB: l’ « hommage-... ») : dès lors qu’il y en a plusieurs, cela devient impossible à gérer. lige
38%
Et la dernière (XVème siècle) ? c'est la victoire du ... royal « prend peu à peu l'aspect d'un instrument au service de la société tout entière, société pratiquant la division des fonctions : autrement dit, il devient l'organe central de cette unité sociale que nous appelons aujourd'hui l'État » monopole
38%
Idée que le roi aurait 2 corps. Un corps physique et un corps ... qui survit à l’individu, ce qui permet de sauver l’intégrité du pouvoir royal qui se poursuit dans le temps indépendamment de la personne physique --> permet de sécuriser l'intégrité du territoire mystique
38%
Le droit est aussi utilisé pour ... davantage la figure royale : montrer qu'il n'est pas juste le seigneur des seigneurs mais d'une autre nature (investi par Dieu lui-même) sacraliser
38%
En quelle année sont convoqués les 1ers Etats généraux ? (par Philippe le Bel) --> notion d'institutionnalisation 1302
25%
Un monde rural, peu de communications, de circulation monétaire --> nécessité de rétribuer en biens ... fonciers
25%
Donner les deux piliers de l'empire carolingien (d'après R. Le Jan) guerre / religion
25%
On le distingue du concept ... (concept scientifique employé pour les recherches). historique
25%
Il ajoute que c'est aussi modelé par l'... entre les individus « Ici comme ailleurs, c'est l'entrelacement d'innombrables intérêts, projets et initiatives de personnes isolées qui convergeait vers un ensemble de lois régissant un réseau d'individus interdépendants et aboutit à un résultat qu'aucun des protagonistes n'avait voulu, l'État français » interdépendance
25%
Qui est l'instigateur de cette pensée d'après Skinner et a écrit "chaque prince doit tenir pour évident que les guerres menées du fait de religion ne sont pas fondées sur des matières qui touchent directement à l'État" Jean Bodin
25%
🡺Retour sur la période du Moyen Âge féodal : du Xe-Xie siècle au XVème siècle « l’apparition de l’Etat moderne n’est au fond rien d’autre que le processus d’étatisation [de cette] organisation sociale féodale » qui a écrit ça ? Otto Hintze
25%
On constate une structure ... : image d'un seigneur père et d'un vassal fils -> liens très personnels qui unissent les supérieures et leurs subordonnés patriarcale
25%
4. Une société ... active 5. Une « dimension territoriale supérieure à celle de la cité ». Maîtrise d’un vaste territoire et sentiment d’appartenance => la Nation politique
25%
Cela est utile car il y a un risque d'anachronisme et un risque ... (risque de rationalisation et finalité de processus / aboutissement qu'on attribue aux acteurs de l'époque) téléologique
25%
Norbet Elias va plus loin que l’appoche marxiste et s’inscrit plus dans une pensée ... mais il insiste plus précisément sur l’amont et l’aval de la formation de l’Etat sur la gestion des affaires wébérienne
25%
« appareil de domination différencié qui garantit la pleine efficacité du monopole militaire et financier, qui en fait une institution durable. Dorénavant, les luttes sociales n'ont plus pour objectif l'abolition du monopole de la domination, mais l'accès à la disposition de l'appareil administratif du monopole et la répartition de ses charges et profits. C'est à la suite de la formation progressive de ce monopole permanent du pouvoir central et d'un appareil de domination spécialisé que les unités de domination prennent le caractère d'États » c'est la définition de quoi ? une ... administration
13%
Le cœur de la féodalité pour Marc Bloch : "l'... du subordonné à un chef tout proche" attache
13%
Dans l'empire byzantin : le ... ? nommer ce concept utilisé pour étudier la division des autorités religieuses et politiques. Mais différent en occident, l'église est distincte du politique même si elle cherche à l'influencer. (concurrence et légitimation réciproque) césaropapisme
13%
Une succession de "phases" Comment s'appelle la 1ère (XIè-XIIIème siècle) ? puis des apanages (XIVè-XVè siècle) concurrence libre
13%
On passa alors d’un système de patronage à une domination + forte (de la protection du seigneur contre les cadeaux rituels à une domination beaucoup plus forte, synonyme d’... de biens et services par le seigneur, si besoin par la force) : cette ... est bien repérée par le seigneur notamment lors des extensions de ses droits sur tous les habitants de son fief. extorsion
13%
🡺Retracer les origines de l’Etat => une perspective ... (Partir d’un fait (présent) pour interroger sa construction historique, processus de déconstruction de l’évidence, montrer qu’il existe d’autres formes d’organisation du pouvoir généalogique
13%
Quel pape s'oppose à ce pélo ? Le pape ... Grégoire
13%
Fin de la féodalité mais maintien d’usages et d’un ... : ATTENTION : tout ne nous est pas parvenu par exemple, les codes de comportement comme les codes de la masculinité qui n’étaient pas les mêmes qu’adj. imaginaire
13%
1.Un monopole de la justice et de la force militaire en construction (dans la pyramide vassalique).
2. Un système d’... aussi en construction.
NB : distinction entre patrimoine public / privé + embryon de légitimation
impôt
13%
Un lien de subordination très fragile, surtout si seigneurs et vassaux en viennent à avoir des puissances quasi-équivalente. Développement des guerres ... : le roi, la royauté n’intervient pas pour pacifier. On imagine souvent que le moyen âge était une période de guerre perpétuelle… attention ce ne sont pas les mêmes qu’actuellement. Déjà la guerre était une activité de riches, et puis c’était surtout une façon de soumettre l’autre, pas réellement le détriuire. privées
13%
Norbert Elias, sociologue (1897-1990) : auteur très important pour nous mais pas considéré comme tel à son époque. Il veut opérer une ... de l’Etat et processus de civilisation : comment s'est constitué le pouvoir politique dans une situation particulièrement fragmentée. sociogénèse
13%
Le seigneur est propriétaire du ... 🡺 une autorité qui va au-delà d’un rapport économique, surtout du fait de l'affaiblissement du pouvoir central sol
13%
6. On pense donc que l’ETat moderne est fondé sur la nation… donc sur des « ... » cette idée renvoie à une forme d’individuation, qui n’est pas encore à l’ordre du jour au moyen âge féodal. C’est une société d’ordre. NUANCE l’imposition individualise les individus et crée un lien avec le pouvoir royal. sujets
13%
Qu'est-ce que ça veut dire en fait ? C'est une société fondée sur l'hérédité, avec d'un côté les ... (fonction nourricière), les ... (fonction de combat) et les ... (qui doivent prier) (écrire les trois mots dans l'ordre au pluriel) travailleurs chevaliers prêtres
13%
C’est une idée présence chez Aristote mais perdu sous l’augustinisme politique (moyen-âge) mais qu’on le retrouve à la renaissance avec la traduction des auteurs arabes ... et ... (donner un des deux noms) Averroès / Avicenne
0%
A cette tâche s'attellent des juristes et des théologistes. En nommer un Bartole / Marsile
0%
On a une situation d'... du pouvoir (le pouvoir de commander, de punir, de taxer est réparti à cette époque là entre un nombre croissant de petites unités de domination) éparpillement
0%
A partir du XIième siècle on assiste à l’accaparement de la ... /des prélèvement arbitraires / des corvées imposées. Attention existaient avant mais se généralise à ce moment-là. justice
0%
Aucun quiz correspondant
Distribution des résultats
% des personnes avec chaque résultat
Percentile par nombre de réponses
Votre historique - résultats
Vous n’avez pas pris ce quiz